MDQL
is popping MORE tags! Check the
thread
!
Quizzes
Events
Quiz Creation
Community
Videos
Private Events
Remove Ads
Sign In
Join for FREE
Feedback
Dark Mode
Quiz Categories
Sports
Geography
Music
Movies
Television
Just For Fun
Miscellaneous
History
Literature
Language
Science
Gaming
Entertainment
Religion
Holiday
For Kids
Quiz Lab
Recent
Popular Today
Quiz Kudos Today
Editor Picks
Curator Picks
Quizzes by...
Day
Popularity
Type
Ratings
Length
Year
Community
Subscriptions
Recent Discussions
Orange Saloon
Badges
Playlists
Quests
Create
Leaderboards
Showdown
Live 5
Trivia Bingo
Activity
Puzzle Library
Sporcle Events
Private Events
Virtual Trivia
Globe League
Become a Host
Pub Owners
SporcleCon
Opinionation
Our Games
Videos
Blog
Mobile Apps
Partnerships
Remove Ads and Go Orange
Feedback
Language
Vocabulary
Begins and Ends
Definition
Spanish
French
German
Italian
Chinese
Latin
Translation
Japanese
Language
Vocabulary
Begins and Ends
Definition
Spanish
French
German
Italian
Chinese
Latin
Translation
Japanese
Random Quiz
Search Sporcle
×
Quiz Lab
Quiz Lab
Language
German
Type in answers that appear in a list
Type in answers that appear in a list
Classic
Best Score? Go Orange.
Vocabulary Climate Change German-English Stats
Can you name the these vocabulary items regarding Climate Change in English?
By
Herr_Zenger
8m
30 Questions
106 Plays
106 Plays
106 Plays
Comments
Comments
Give Quiz Kudos
Give Quiz Kudos
-
- Ratings
hide this ad
Forced Order
Answers have to be entered in order
Answers have to be entered in order
Random Order
Randomize order of answers
Randomize order of answers
Replay
Link that replays current quiz
Next Quiz
Link to next quiz in quiz playlist
You Got
0%
They Got
Avg Score
59%
Avg Friend Score
Upgrade to see
Score Distribution
Jump to the score distribution portion of the page
Score
0/30
Timer
08:00
0
Plays Today
German word
English word
% Correct
Solarenergie
solar energy
90.6%
Chemikalien
chemicals
84.9%
Treibhauseffekt
greenhouse effect
81.1%
Saurer Regen
acid rain
80.2%
Windkraft
wind power
80.2%
Verschmutzung
pollution
74.5%
Klimawandel
climate change
73.6%
fossile Brennstoffe
fossil fuels
73.6%
Meeresspiegel
sea level
67.9%
Zerstörung
destruction
67%
gefährdete Tiere
endangered animals
66%
Müll
waste
64.2%
jahreszeitlich
seasonal
63.2%
Atommüll
nuclear waste
63.2%
gefährliche Straßen
dangerous roads
61.3%
German word
English word
% Correct
Dürre
drought
59.4%
Kernkraftwerke
nuclear power plants
56.6%
Lebensraum
habitat
55.7%
Wasserdampf
water vapor
54.7%
Fahrradwege
cycle lanes
50.9%
Einfluss
impact
50%
Bruttoinlandsprodukt
GDP
48.1%
erweitert
enhanced
47.2%
Eisbär
polar bears
47.2%
Konsumrausch
consumania
46.2%
Nutzbarmachung von natürlichen Räumen
land clearing
45.3%
Stärke
severity
37.7%
unverändert
unabated
34.9%
menschliche Siedlungsmuster
human settlement patterns
33%
vor allem
predominantly
29.2%
Quiz Playlist
Details
Report
Send in Message
Add To Playlist
Classic:
Type in answers that appear in a list
Forced Order:
Answers have to be entered in order
Random Order:
Randomize order of answers
Last Updated: Feb 16, 2017
Quiz Scoreboard
CHALLENGE
Sign Up to Join the Scoreboard
Show All
Scores
Hide
Comments
May contain spoilers
Recently Published
Image Sorting: Flags VI
by Barbecue
Geography
2m
Find the 'City' Movie
by crazypaving
Movies
60s
Colored Red Africa Blitz
by spor1
Geography
45s
More to Explore
Quiz From the Vault
Featured Blog Post
14 Easter Pick-up Lines to Find Eggs With
hide this ad
You Might Also Like...
Tags
German Quiz
Vocabulary Quiz
climate
Climate Change
English
item
Regarding
Today's Top Quizzes in Language
Browse Language
hide this ad
Today's Top Quizzes in German
Browse German
Top Contributed Quizzes in Language
1
What Word Starts All?
2
Arabic Numerals
3
1-10 Letter F Words III
4
1-10 Letter G Words III
5
1-10 Letter H Words III
6
Weisst du, aus welchen Sprachen diese Wörter stammen?
7
1-10 Letter I Words III
8
Latihan Huruf Hiragana KA KI KU KE KO
9
1-10 Letter M Words III
10
1-10 Letter J Words III
Explore More
Trending Topics
Marvel
Kpop
Harry Potter
Crossword
Anime
NBA
Disney
Song
WWE
The Office
Puzzle
Country
NFL
Pokémon
Soccer
hide this ad
More By:
Herr_Zenger
Quiz
Plays
Rating
Category
Featured
Created
Most travelled to countries in the world
654
3.30
Geography
Sep 14, 2010
Architecture Vocabulary English-English
499
2.75
Literature
Nov 18, 2009
Most travelled to cities in the world
340
3.25
Geography
Sep 14, 2010
Vocabulary List - Summit set to fail
176
Language
Nov 22, 2009
Vocabulary Climate Change English-German
119
Language
Dec 1, 2010
Go to Creator's Profile
Score Distribution
Quiz Creator Spotlight
Herr_Zenger
Follow
Send a Message
Quizzes Created
-
Created Quiz Play Count
-
More By This Creator
Popular Quizzes Today
1
Colored Red Africa Blitz
2
Find the US States - No Outlines Minefield
3
Find the 'City' Movie
4
5x2 Blitz: Bands
5
The Countries of the World
6
Find the US States
7
Find the Countries of Europe - No Outlines Minefield
8
US States
More Language Quizzes
11 Ways Not to Shout 'Shark!'
Published
Trending Quizzes
Colored Red Europe Blitz I
Colored Red Europe Blitz II
Colored Red Africa Blitz II
Colored Red Europe Blitz III
Colored Red Africa Blitz III
Recently Updated
How Do You Spell That?
pecheneg
Godzilla Movies
pecheneg
Grab Bag: 4-10 Letters
pecheneg
2024 March Madness Bracket
pecheneg
Famous TV Couples
Peacemaker
Champions League XIs: Real Madrid
pecheneg
Largest US Cities 1790-2010
pecheneg
Rides in Walt Disney World
pecheneg
Most Oscar Losses (Acting)
pecheneg
Beyoncé Albums
pecheneg
Trending Topics
NBA
Harry Potter
Kpop
Marvel
Anime
Disney
Crossword
WWE
Soccer
Song
The Office
Country
Puzzle
NFL
Pokémon
Your Account Isn't Verified!
In order to create a playlist on Sporcle, you need to verify the email address you used during registration. Go to your
Sporcle Settings
to finish the process.
Report this User
Report this user for behavior that violates our
Community Guidelines
.
Details:
Send Report
Go to the Sporcle.com Mobile Site →
Comments